000
00246nam a2200109Ia 4500
008
190914s9999||||xx |||||||||||||| ||und||
100
_a
Hafsah Rehan
245
0
_a
Dam-e-Laho
260
_a
Islamabad
_b
Pakistan PS
_c
1986
300
_a
581
942
_c
BK
999
_c
8595
_d
8595